000 00684nam a2200289Ia 4500
005 20260324122427.0
008 008 260324s9999 xx 000 0 eng d
020 _a9780203070000
037 _aEBOOK
040 _aCRL
040 _beng
040 _cCRL
041 _2eng
041 _aeng
084 _qCRL
100 _aVicky Conway
_91166407
245 0 _aPolicing Twentieth Century Ireland
245 2 _bA History of An Garda Síochána
260 _bTaylor and Francis
260 _c2013
365 _a
365 _b240
856 _uhttp://www.taylorfrancis.com/books/9780203070000
942 _cEBOOK
999 _c1759141
_d1759141